Kitab Nazhat Un-Nazar-Fi-Tawdih Nakhbat Ul-Fikr. (Record no. 2841)
[ view plain ]
| 000 -LEADER | |
|---|---|
| fixed length control field | 00601nam a2200241 a 4500 |
| 020 ## - INTERNATIONAL STANDARD BOOK NUMBER | |
| ISBN | |
| 082 00 - DEWEY DECIMAL CLASSIFICATION NUMBER | |
| Classification number | 297.124 |
| Author Cutter | TON |
| 100 ## - MAIN ENTRY--AUTHOR NAME | |
| Author name | Tonki, Mohammad Abdullah |
| 245 ## - TITLE STATEMENT | |
| Title | Kitab Nazhat Un-Nazar-Fi-Tawdih Nakhbat Ul-Fikr. |
| 260 ## - PUBLICATION, DISTRIBUTION, ETC. (IMPRINT) | |
| Place of publication | Delhi |
| Name of publisher | Mujtabai Press |
| Year of publication | 1914 |
| 300 ## - PHYSICAL DESCRIPTION | |
| Number of Pages | 121p. |
| 500 ## - GENERAL NOTE | |
| General note | includes index and biblioraphy |
| 505 2# - FORMATTED CONTENTS NOTE | |
| Formatted contents note | Index |
| 650 ## - SUBJECT ADDED ENTRY--TOPICAL TERM | |
| Topical Term | Hadith |
| 942 ## - ADDED ENTRY ELEMENTS (KOHA) | |
| Koha item type | Books |
| 700 1# - | |
| -- | Tonki, Mohammad Abdullah |
| Collection code | Home library | Current library | Date acquired | Cost, normal purchase price | Full call number | Accession Number | Koha item type |
|---|---|---|---|---|---|---|---|
| Henry Martyn Institute Library | Henry Martyn Institute Library | 08/07/2007 | 100.00 | 297.124 TON | 03085 | Books |
